[Event "Grand Swiss "]
[Date "2025.09.14"]
[White "Theodorou, Nikolas"]
[Black "Rapport, Richard"]
[WhiteElo "2646"]
[BlackElo "2711"]
[Round "9.9.12"]
[Result "1/2-1/2"]

1. d4 {[%clk 01:40:56] [%emt 00:00:03]} e6 {[%clk 01:40:16] [%emt 00:00:43]} 2.
c4 {[%clk 01:40:19] [%emt 00:01:08]} Nc6 {[%clk 01:40:37] [%emt 00:00:09]} 3.
Nf3 {[%clk 01:38:44] [%emt 00:02:06]} Nf6 {[%clk 01:40:20] [%emt 00:00:46]} 4.
a3 {[%clk 01:38:18] [%emt 00:00:58]} g6 {[%clk 01:40:12] [%emt 00:00:38]} 5. Nc3
{[%clk 01:38:43] [%emt 00:00:05]} Bg7 {[%clk 01:40:37] [%emt 00:00:04]} 6. e4
{[%clk 01:38:54] [%emt 00:00:19]} d6 {[%clk 01:41:03] [%emt 00:00:04]} 7. Be2
{[%clk 01:39:11] [%emt 00:00:13]} O-O {[%clk 01:41:25] [%emt 00:00:08]} 8. O-O
{[%clk 01:39:31] [%emt 00:00:10]} Re8 {[%clk 01:41:52] [%emt 00:00:03]} 9. Be3
{[%clk 01:39:56] [%emt 00:00:06]} e5 {[%clk 01:42:02] [%emt 00:00:19]} 10. dxe5
{[%clk 01:40:22] [%emt 00:00:04]} dxe5 {[%clk 01:42:21] [%emt 00:00:11]} 11. h3
{[%clk 01:40:48] [%emt 00:00:03]} a5 {[%clk 01:42:45] [%emt 00:00:07]} 12. c5
{[%clk 01:40:04] [%emt 00:01:13]} Qxd1 {[%clk 01:36:41] [%emt 00:06:34]} 13.
Rfxd1 {[%clk 01:38:12] [%emt 00:02:22]} Be6 {[%clk 01:37:04] [%emt 00:00:07]}
14. Bb5 {[%clk 01:38:38] [%emt 00:00:04]} Bb3 {[%clk 01:37:21] [%emt 00:00:13]}
15. Rd2 {[%clk 01:39:03] [%emt 00:00:05]} Reb8 {[%clk 01:37:48] [%emt 00:00:03]}
16. Rc1 {[%clk 01:32:42] [%emt 00:06:52]} Rd8 {[%clk 01:30:46] [%emt 00:07:32]}
17. g4 {[%clk 01:11:23] [%emt 00:21:49]} h6 {[%clk 01:21:41] [%emt 00:09:35]}
18. Kg2 {[%clk 01:10:54] [%emt 00:00:59]} Rxd2 {[%clk 01:10:29] [%emt 00:11:42]}
19. Nxd2 {[%clk 01:10:52] [%emt 00:00:32]} Be6 {[%clk 01:04:59] [%emt 00:06:00]}
20. Bc4 {[%clk 01:10:12] [%emt 00:01:10]} Rd8 {[%clk 00:58:34] [%emt 00:06:55]}
21. Bxe6 {[%clk 01:09:17] [%emt 00:01:25]} fxe6 {[%clk 00:59:02] [%emt
00:00:02]} 22. Nc4 {[%clk 01:08:40] [%emt 00:01:07]} g5 {[%clk 00:58:05] [%emt
00:01:26]} 23. Rc2 {[%clk 00:41:07] [%emt 00:28:03]} Bf8 {[%clk 00:51:01] [%emt
00:07:35]} 24. Rd2 {[%clk 00:38:52] [%emt 00:02:45]} Ra8 {[%clk 00:36:41] [%emt
00:14:51]} 25. f3 {[%clk 00:37:17] [%emt 00:02:04]} a4 {[%clk 00:37:06] [%emt
00:00:04]} 26. Nb5 {[%clk 00:35:43] [%emt 00:02:04]} Rc8 {[%clk 00:36:18] [%emt
00:01:19]} 27. Nc3 {[%clk 00:35:25] [%emt 00:00:47]} Ra8 {[%clk 00:36:45] [%emt
00:00:03]} 28. Nb5 {[%clk 00:35:49] [%emt 00:00:06]} Rc8 {[%clk 00:37:13] [%emt
00:00:02]} 29. h4 {[%clk 00:18:09] [%emt 00:18:11]} gxh4 {[%clk 00:35:54] [%emt
00:01:49]} 30. Nc3 {[%clk 00:18:33] [%emt 00:00:06]} Nh7 {[%clk 00:27:48] [%emt
00:08:36]} 31. Nxa4 {[%clk 00:17:56] [%emt 00:01:07]} Be7 {[%clk 00:25:13] [%emt
00:03:06]} 32. b4 {[%clk 00:16:18] [%emt 00:02:07]} Bg5 {[%clk 00:24:14] [%emt
00:01:28]} 33. Bxg5 {[%clk 00:10:56] [%emt 00:05:53]} Nxg5 {[%clk 00:24:19]
[%emt 00:00:25]} 34. Nc3 {[%clk 00:11:23] [%emt 00:00:03]} Rf8 {[%clk 00:21:31]
[%emt 00:03:18]} 35. Rf2 {[%clk 00:11:35] [%emt 00:00:17]} h3+ {[%clk 00:14:39]
[%emt 00:07:23]} 36. Kg3 {[%clk 00:11:51] [%emt 00:00:15]} Rd8 {[%clk 00:15:05]
[%emt 00:00:03]} 37. b5 {[%clk 00:11:23] [%emt 00:00:58]} Nd4 {[%clk 00:15:24]
[%emt 00:00:10]} 38. Nxe5 {[%clk 00:07:44] [%emt 00:04:09]} Ndxf3 {[%clk
00:15:42] [%emt 00:00:12]} 39. Nxf3 {[%clk 00:02:38] [%emt 00:05:36]} Rd3 {[%clk
00:16:04] [%emt 00:00:08]} 40. Nd1 {[%clk 00:01:01] [%emt 00:02:08]} e5 {[%clk
00:09:39] [%emt 00:06:55]} 41. Ra2 {[%clk 00:45:05] [%emt 00:06:26]} Rxf3+
{[%clk 00:57:19] [%emt 00:02:49]} 42. Kh2 {[%clk 00:45:28] [%emt 00:00:07]} Nxe4
{[%clk 00:56:59] [%emt 00:00:50]} 43. a4 {[%clk 00:44:53] [%emt 00:01:06]} b6
{[%clk 00:35:02] [%emt 00:22:27]} 44. cxb6 {[%clk 00:45:17] [%emt 00:00:06]}
cxb6 {[%clk 00:35:29] [%emt 00:00:03]} 45. a5 {[%clk 00:45:06] [%emt 00:00:40]}
Nf6 {[%clk 00:26:18] [%emt 00:09:41]} 46. a6 {[%clk 00:27:58] [%emt 00:17:39]}
Nxg4+ {[%clk 00:26:07] [%emt 00:00:40]} 47. Kg1 {[%clk 00:28:26] [%emt
00:00:02]} h2+ {[%clk 00:15:25] [%emt 00:11:12]} 48. Kg2 {[%clk 00:28:54] [%emt
00:00:02]} Rg3+ {[%clk 00:07:36] [%emt 00:08:20]} 49. Kxg3 {[%clk 00:29:13]
[%emt 00:00:11]} h1=Q {[%clk 00:08:04] [%emt 00:00:01]} 50. a7 {[%clk 00:29:37]
[%emt 00:00:07]} Qa8 {[%clk 00:08:32] [%emt 00:00:02]} 51. Kxg4 {[%clk 00:29:35]
[%emt 00:00:33]} Kf7 {[%clk 00:09:00] [%emt 00:00:02]} 52. Nc3 {[%clk 00:25:38]
[%emt 00:04:26]} Ke6 {[%clk 00:08:52] [%emt 00:00:38]} 53. Na4 {[%clk 00:22:27]
[%emt 00:03:41]} h5+ {[%clk 00:08:53] [%emt 00:00:29]} 54. Kg3 {[%clk 00:16:31]
[%emt 00:06:25]} Kf5 {[%clk 00:07:39] [%emt 00:01:45]} 55. Nc3 {[%clk 00:17:00]
[%emt 00:00:01]} e4 {[%clk 00:07:57] [%emt 00:00:11]} 56. Kf2 {[%clk 00:10:29]
[%emt 00:07:00]} h4 {[%clk 00:08:05] [%emt 00:00:23]} 57. Ra4 {[%clk 00:07:05]
[%emt 00:03:55]} e3+ {[%clk 00:08:16] [%emt 00:00:19]} 58. Kxe3 {[%clk 00:07:24]
[%emt 00:00:11]} h3 {[%clk 00:08:43] [%emt 00:00:02]} 59. Rh4 {[%clk 00:06:11]
[%emt 00:01:43]} Qxa7 {[%clk 00:05:25] [%emt 00:03:48]} 60. Rxh3 {[%clk
00:06:33] [%emt 00:00:08]} 1/2-1/2

[Site "Europe Echecs"]

[Event "Grand Swiss "]
[Date "2025.09.14"]
[White "Pranav, V"]
[Black "Tabatabaei, M. Amin"]
[WhiteElo "2596"]
[BlackElo "2673"]
[Round "9.9.13"]
[Result "0-1"]

1. e4 {[%clk 01:40:56] [%emt 00:00:02]} e5 {[%clk 01:40:23] [%emt 00:00:26]} 2.
Nf3 {[%clk 01:41:23] [%emt 00:00:15]} Nc6 {[%clk 01:40:46] [%emt 00:00:06]} 3.
Bb5 {[%clk 01:41:45] [%emt 00:00:08]} a6 {[%clk 01:41:11] [%emt 00:00:05]} 4.
Ba4 {[%clk 01:42:09] [%emt 00:00:07]} Nf6 {[%clk 01:41:37] [%emt 00:00:04]} 5.
O-O {[%clk 01:42:29] [%emt 00:00:10]} Be7 {[%clk 01:42:01] [%emt 00:00:06]} 6.
Re1 {[%clk 01:42:51] [%emt 00:00:08]} b5 {[%clk 01:42:25] [%emt 00:00:06]} 7.
Bb3 {[%clk 01:43:15] [%emt 00:00:07]} d6 {[%clk 01:42:50] [%emt 00:00:05]} 8. c3
{[%clk 01:43:36] [%emt 00:00:09]} O-O {[%clk 01:43:13] [%emt 00:00:06]} 9. d4
{[%clk 01:44:00]} Nb8 {[%clk 01:43:39] [%emt 00:00:11]} 10. h3 {[%clk 01:43:56]
[%emt 00:00:34]} Nbd7 {[%clk 01:44:03] [%emt 00:00:06]} 11. c4 {[%clk 01:40:48]
[%emt 00:03:39]} c6 {[%clk 01:44:10] [%emt 00:00:23]} 12. Nc3 {[%clk 01:38:33]
[%emt 00:02:44]} b4 {[%clk 01:44:31] [%emt 00:00:09]} 13. Ne2 {[%clk 01:38:29]
[%emt 00:00:35]} Nxe4 {[%clk 01:44:53] [%emt 00:00:07]} 14. Qc2 {[%clk 01:36:01]
[%emt 00:02:59]} Ndf6 {[%clk 01:45:02] [%emt 00:00:20]} 15. c5 {[%clk 01:27:20]
[%emt 00:09:10]} Bf5 {[%clk 01:43:09] [%emt 00:02:23]} 16. cxd6 {[%clk 01:24:32]
[%emt 00:03:19]} Nxd6 {[%clk 01:36:59] [%emt 00:06:39]} 17. Qd1 {[%clk 01:18:15]
[%emt 00:06:47]} e4 {[%clk 01:31:39] [%emt 00:05:49]} 18. Ne5 {[%clk 01:18:26]
[%emt 00:00:19]} Qc8 {[%clk 01:29:38] [%emt 00:02:31]} 19. Bg5 {[%clk 01:12:35]
[%emt 00:06:21]} h6 {[%clk 01:27:03] [%emt 00:03:05]} 20. Bxf6 {[%clk 01:09:41]
[%emt 00:03:24]} gxf6 {[%clk 01:25:04] [%emt 00:02:30]} 21. Ng3 {[%clk 00:55:44]
[%emt 00:14:26]} fxe5 {[%clk 01:22:12] [%emt 00:03:23]} 22. dxe5 {[%clk
00:56:06] [%emt 00:00:08]} Ne8 {[%clk 01:21:08] [%emt 00:01:34]} 23. Nxe4 {[%clk
00:45:11] [%emt 00:11:25]} Bg6 {[%clk 01:10:41] [%emt 00:10:57]} 24. Rc1 {[%clk
00:35:33] [%emt 00:10:08]} Kh7 {[%clk 00:55:17] [%emt 00:15:54]} 25. Rc4 {[%clk
00:33:18] [%emt 00:02:45]} Qc7 {[%clk 00:48:17] [%emt 00:07:29]} 26. Qc1 {[%clk
00:28:36] [%emt 00:05:13]} Rc8 {[%clk 00:42:42] [%emt 00:06:04]} 27. Ng3 {[%clk
00:20:06] [%emt 00:09:00]} Ng7 {[%clk 00:41:38] [%emt 00:01:34]} 28. h4 {[%clk
00:18:10] [%emt 00:02:26]} c5 {[%clk 00:35:18] [%emt 00:06:49]} 29. Qe3 {[%clk
00:16:33] [%emt 00:02:08]} f5 {[%clk 00:26:53] [%emt 00:08:55]} 30. Rf4 {[%clk
00:12:57] [%emt 00:04:05]} Qc6 {[%clk 00:23:15] [%emt 00:04:08]} 31. Rd1 {[%clk
00:13:04] [%emt 00:00:24]} Rcd8 {[%clk 00:21:12] [%emt 00:02:33]} 32. Rxd8
{[%clk 00:12:27] [%emt 00:01:06]} Bxd8 {[%clk 00:21:21] [%emt 00:00:21]} 33. Qe2
{[%clk 00:10:51] [%emt 00:02:07]} h5 {[%clk 00:17:50] [%emt 00:04:00]} 34. Qe3
{[%clk 00:09:17] [%emt 00:02:05]} Be7 {[%clk 00:16:38] [%emt 00:01:42]} 35. Ne2
{[%clk 00:09:33] [%emt 00:00:14]} a5 {[%clk 00:16:17] [%emt 00:00:51]} 36. Bc4
{[%clk 00:08:04] [%emt 00:01:59]} Rd8 {[%clk 00:15:42] [%emt 00:01:05]} 37. Qg3
{[%clk 00:06:07] [%emt 00:02:27]} Rd2 {[%clk 00:13:43] [%emt 00:02:29]} 38. Rf3
{[%clk 00:06:27] [%emt 00:00:10]} Qe4 {[%clk 00:10:54] [%emt 00:03:18]} 39. Nf4
{[%clk 00:06:50] [%emt 00:00:08]} Be8 {[%clk 00:11:19] [%emt 00:00:04]} 40. Bb3
{[%clk 00:06:34] [%emt 00:00:47]} c4 {[%clk 00:02:18] [%emt 00:09:30]} 41. Ba4
{[%clk 00:06:45] [%emt 00:00:20]} Qe1+ {[%clk 00:01:22] [%emt 00:01:26]} 42. Kh2
{[%clk 00:07:13] [%emt 00:00:02]} Bf7 {[%clk 00:01:47] [%emt 00:00:05]} 43. e6
{[%clk 00:06:04] [%emt 00:01:38]} Nxe6 {[%clk 00:01:26] [%emt 00:00:52]} 44. Re3
{[%clk 00:06:20] [%emt 00:00:14]} Bd6 {[%clk 00:01:19] [%emt 00:00:36]} 45. Rxe6
{[%clk 00:06:24] [%emt 00:00:26]} Qxe6 {[%clk 00:01:39] [%emt 00:00:11]} 0-1

[Site "Europe Echecs"]

[Event "Grand Swiss "]
[Date "2025.09.14"]
[White "Mamedyarov, Shakhriyar"]
[Black "Puranik, Abhimanyu"]
[WhiteElo "2741"]
[BlackElo "2640"]
[Round "9.9.14"]
[Result "1-0"]

1. c4 {[%clk 01:40:57] [%emt 00:00:02]} e6 {[%clk 01:38:24] [%emt 00:02:36]} 2.
Nc3 {[%clk 01:41:12] [%emt 00:00:14]} d5 {[%clk 01:38:49] [%emt 00:00:06]} 3. d4
{[%clk 01:41:26] [%emt 00:00:16]} c5 {[%clk 01:38:27] [%emt 00:00:52]} 4. cxd5
{[%clk 01:41:38] [%emt 00:00:18]} cxd4 {[%clk 01:38:50] [%emt 00:00:07]} 5. Qa4+
{[%clk 01:41:49] [%emt 00:00:19]} Bd7 {[%clk 01:39:12] [%emt 00:00:08]} 6. Qxd4
{[%clk 01:42:08] [%emt 00:00:11]} exd5 {[%clk 01:39:38] [%emt 00:00:04]} 7. Qxd5
{[%clk 01:40:28] [%emt 00:02:10]} Nf6 {[%clk 01:40:02] [%emt 00:00:06]} 8. Qd1
{[%clk 01:40:38] [%emt 00:00:20]} Nc6 {[%clk 01:39:24] [%emt 00:01:08]} 9. Nf3
{[%clk 01:41:04] [%emt 00:00:04]} Bc5 {[%clk 01:38:19] [%emt 00:01:35]} 10. a3
{[%clk 01:39:42] [%emt 00:01:53]} Qc7 {[%clk 01:37:30] [%emt 00:01:18]} 11. Bg5
{[%clk 01:37:41] [%emt 00:02:31]} O-O-O {[%clk 01:22:24] [%emt 00:15:36]} 12. e3
{[%clk 01:34:55] [%emt 00:03:15]} Rhe8 {[%clk 01:10:21] [%emt 00:12:34]} 13. Rc1
{[%clk 01:31:15] [%emt 00:04:10]} Bg4 {[%clk 00:55:06] [%emt 00:15:45]} 14. Qa4
{[%clk 01:30:08] [%emt 00:01:37]} Qd7 {[%clk 00:49:32] [%emt 00:06:05]} 15. Rd1
{[%clk 01:22:41] [%emt 00:07:57]} Qf5 {[%clk 00:48:56] [%emt 00:01:05]} 16.
Rxd8+ {[%clk 01:22:57] [%emt 00:00:15]} Rxd8 {[%clk 00:49:18] [%emt 00:00:08]}
17. Bxf6 {[%clk 01:23:22] [%emt 00:00:05]} gxf6 {[%clk 00:49:12] [%emt
00:00:35]} 18. Be2 {[%clk 01:23:41] [%emt 00:00:11]} Bxf3 {[%clk 00:43:55] [%emt
00:05:47]} 19. Bxf3 {[%clk 01:20:45] [%emt 00:03:26]} Ne5 {[%clk 00:41:18] [%emt
00:03:08]} 20. Be4 {[%clk 01:19:08] [%emt 00:02:03]} Nd3+ {[%clk 00:26:27] [%emt
00:15:25]} 21. Bxd3 {[%clk 01:19:32] [%emt 00:00:07]} Qxd3 {[%clk 00:26:52]
[%emt 00:00:04]} 22. Qg4+ {[%clk 01:19:53] [%emt 00:00:08]} Kb8 {[%clk 00:22:58]
[%emt 00:04:24]} 23. Qe2 {[%clk 01:20:13] [%emt 00:00:11]} Qd7 {[%clk 00:23:03]
[%emt 00:00:26]} 24. O-O {[%clk 01:20:17] [%emt 00:00:25]} Qc6 {[%clk 00:23:26]
[%emt 00:00:07]} 25. Rd1 {[%clk 01:19:58] [%emt 00:00:47]} Rc8 {[%clk 00:22:13]
[%emt 00:01:44]} 26. Nd5 {[%clk 01:18:03] [%emt 00:02:24]} f5 {[%clk 00:22:40]
[%emt 00:00:04]} 27. g3 {[%clk 01:17:59] [%emt 00:00:34]} a6 {[%clk 00:23:03]
[%emt 00:00:08]} 28. Qh5 {[%clk 01:17:24] [%emt 00:01:02]} Qg6 {[%clk 00:22:37]
[%emt 00:00:55]} 29. Qh4 {[%clk 01:17:26] [%emt 00:00:27]} Bd6 {[%clk 00:20:14]
[%emt 00:02:56]} 30. Nf6 {[%clk 01:16:40] [%emt 00:01:16]} Bf8 {[%clk 00:19:36]
[%emt 00:01:08]} 31. Nd7+ {[%clk 01:16:08] [%emt 00:01:04]} Ka8 {[%clk 00:20:00]
[%emt 00:00:07]} 32. Qd4 {[%clk 01:14:41] [%emt 00:01:56]} Re8 {[%clk 00:20:25]
[%emt 00:00:05]} 33. Nxf8 {[%clk 01:14:29] [%emt 00:00:42]} Rxf8 {[%clk
00:20:53] [%emt 00:00:02]} 34. Qc5 {[%clk 01:14:50] [%emt 00:00:08]} Re8 {[%clk
00:21:09] [%emt 00:00:14]} 35. Rd6 {[%clk 01:15:16] [%emt 00:00:05]} 1-0

[Site "Europe Echecs"]

[Event "Grand Swiss "]
[Date "2025.09.14"]
[White "Mamedov, Rauf"]
[Black "Fedoseev, Vladimir"]
[WhiteElo "2651"]
[BlackElo "2731"]
[Round "9.9.15"]
[Result "1/2-1/2"]

1. e4 {[%clk 01:40:55] [%emt 00:00:04]} e5 {[%clk 01:36:00] [%emt 00:05:02]} 2.
Nf3 {[%clk 01:40:53] [%emt 00:00:31]} Nc6 {[%clk 01:35:27] [%emt 00:01:02]} 3.
Nc3 {[%clk 01:36:36] [%emt 00:04:48]} Nf6 {[%clk 01:32:18] [%emt 00:03:39]} 4.
d4 {[%clk 01:32:20] [%emt 00:04:46]} exd4 {[%clk 01:29:33] [%emt 00:03:15]} 5.
Nxd4 {[%clk 01:32:42] [%emt 00:00:08]} Bb4 {[%clk 01:29:57] [%emt 00:00:06]} 6.
Nxc6 {[%clk 01:33:08] [%emt 00:00:05]} bxc6 {[%clk 01:30:20] [%emt 00:00:06]} 7.
Bd3 {[%clk 01:33:35] [%emt 00:00:03]} O-O {[%clk 01:29:42] [%emt 00:01:08]} 8.
O-O {[%clk 01:30:18] [%emt 00:03:47]} d5 {[%clk 01:28:53] [%emt 00:01:19]} 9.
Bd2 {[%clk 01:26:25] [%emt 00:04:23]} Bxc3 {[%clk 01:21:14] [%emt 00:08:09]} 10.
Bxc3 {[%clk 01:26:17] [%emt 00:00:38]} dxe4 {[%clk 01:20:54] [%emt 00:00:50]}
11. Bxf6 {[%clk 01:26:12] [%emt 00:00:35]} Qxf6 {[%clk 01:21:17] [%emt
00:00:07]} 12. Bxe4 {[%clk 01:26:38] [%emt 00:00:04]} Qxb2 {[%clk 01:21:39]
[%emt 00:00:08]} 13. Bxc6 {[%clk 01:27:05] [%emt 00:00:03]} Rb8 {[%clk 01:19:57]
[%emt 00:02:11]} 14. Rb1 {[%clk 01:26:46] [%emt 00:00:51]} Qxb1 {[%clk 01:20:20]
[%emt 00:00:07]} 15. Qxb1 {[%clk 01:27:13] [%emt 00:00:02]} Rxb1 {[%clk
01:20:43] [%emt 00:00:08]} 16. Rxb1 {[%clk 01:27:40] [%emt 00:00:02]} Rd8 {[%clk
01:21:05] [%emt 00:00:08]} 17. Bf3 {[%clk 01:27:56] [%emt 00:00:14]} Kf8 {[%clk
01:11:24] [%emt 00:10:11]} 18. Rb8 {[%clk 01:23:35] [%emt 00:04:52]} Re8 {[%clk
01:07:49] [%emt 00:04:04]} 19. h4 {[%clk 01:21:58] [%emt 00:02:06]} Ba6 {[%clk
01:06:59] [%emt 00:01:21]} 20. Rb3 {[%clk 01:21:00] [%emt 00:01:29]} Be2 {[%clk
00:59:27] [%emt 00:08:02]} 21. Bxe2 {[%clk 01:17:35] [%emt 00:03:55]} Rxe2
{[%clk 00:59:50] [%emt 00:00:06]} 22. Rc3 {[%clk 01:18:04] [%emt 00:00:02]} Re4
{[%clk 01:00:01] [%emt 00:00:19]} 23. g3 {[%clk 01:18:12] [%emt 00:00:22]} Ra4
{[%clk 01:00:26] [%emt 00:00:05]} 24. Rxc7 {[%clk 01:18:39] [%emt 00:00:04]}
Rxa2 {[%clk 01:00:49] [%emt 00:00:06]} 25. c4 {[%clk 01:19:03] [%emt 00:00:06]}
Rc2 {[%clk 01:01:09] [%emt 00:00:11]} 26. Rxa7 {[%clk 01:19:13] [%emt 00:00:20]}
Rc1+ {[%clk 01:01:32] [%emt 00:00:06]} 27. Kg2 {[%clk 01:19:41] [%emt 00:00:02]}
Rxc4 {[%clk 01:01:55] [%emt 00:00:07]} 28. Ra8+ {[%clk 01:20:09] [%emt
00:00:02]} Ke7 {[%clk 01:02:18] [%emt 00:00:07]} 29. Ra7+ {[%clk 01:20:36] [%emt
00:00:03]} Kf8 {[%clk 01:02:43] [%emt 00:00:05]} 30. Ra8+ {[%clk 01:21:03] [%emt
00:00:03]} Ke7 {[%clk 01:03:06] [%emt 00:00:06]} 1/2-1/2

[Site "Europe Echecs"]

[Event "Grand Swiss "]
[Date "2025.09.14"]
[White "Sindarov, Javokhir"]
[Black "Chigaev, Maksim"]
[WhiteElo "2722"]
[BlackElo "2638"]
[Round "9.9.16"]
[Result "1-0"]

1. e4 {[%clk 01:40:56] [%emt 00:00:03]} e5 {[%clk 01:40:53] [%emt 00:00:07]} 2.
Nf3 {[%clk 01:41:20] [%emt 00:00:07]} Nc6 {[%clk 01:41:16] [%emt 00:00:06]} 3.
Bc4 {[%clk 01:41:47] [%emt 00:00:04]} Nf6 {[%clk 01:41:37] [%emt 00:00:09]} 4.
d3 {[%clk 01:42:07] [%emt 00:00:10]} h6 {[%clk 01:42:00] [%emt 00:00:07]} 5. O-O
{[%clk 01:41:33] [%emt 00:01:04]} d6 {[%clk 01:41:59] [%emt 00:00:31]} 6. a4
{[%clk 01:38:16] [%emt 00:03:48]} g6 {[%clk 01:41:39] [%emt 00:00:49]} 7. Nc3
{[%clk 01:36:08] [%emt 00:02:38]} Bg7 {[%clk 01:41:48] [%emt 00:00:20]} 8. h3
{[%clk 01:36:25] [%emt 00:00:15]} O-O {[%clk 01:42:02] [%emt 00:00:14]} 9. Be3
{[%clk 01:36:52] [%emt 00:00:05]} Qe8 {[%clk 01:30:01] [%emt 00:12:31]} 10. a5
{[%clk 01:18:18] [%emt 00:19:05]} a6 {[%clk 01:29:49] [%emt 00:00:41]} 11. Ne2
{[%clk 01:03:48] [%emt 00:15:00]} Be6 {[%clk 01:04:41] [%emt 00:25:36]} 12. Bxe6
{[%clk 01:04:12] [%emt 00:00:08]} fxe6 {[%clk 01:02:04] [%emt 00:03:06]} 13. Ng3
{[%clk 01:03:52] [%emt 00:00:50]} g5 {[%clk 00:57:51] [%emt 00:04:43]} 14. c3
{[%clk 01:03:39] [%emt 00:00:44]} Rb8 {[%clk 00:45:25] [%emt 00:12:56]} 15. Ra3
{[%clk 00:53:05] [%emt 00:11:05]} Qf7 {[%clk 00:37:32] [%emt 00:08:21]} 16. Qe2
{[%clk 00:45:26] [%emt 00:08:10]} Ne7 {[%clk 00:35:34] [%emt 00:02:28]} 17. d4
{[%clk 00:45:23] [%emt 00:00:33]} exd4 {[%clk 00:34:18] [%emt 00:01:45]} 18.
cxd4 {[%clk 00:45:30] [%emt 00:00:24]} Ng6 {[%clk 00:34:37] [%emt 00:00:10]} 19.
Re1 {[%clk 00:37:22] [%emt 00:08:39]} Rbe8 {[%clk 00:29:58] [%emt 00:05:09]} 20.
Rb3 {[%clk 00:32:37] [%emt 00:05:16]} Rb8 {[%clk 00:27:20] [%emt 00:03:08]} 21.
e5 {[%clk 00:23:50] [%emt 00:09:17]} Nd5 {[%clk 00:24:40] [%emt 00:03:09]} 22.
Nh5 {[%clk 00:23:47] [%emt 00:00:34]} dxe5 {[%clk 00:15:13] [%emt 00:09:57]} 23.
Nxe5 {[%clk 00:22:38] [%emt 00:01:38]} Nxe5 {[%clk 00:06:31] [%emt 00:09:10]}
24. dxe5 {[%clk 00:22:54] [%emt 00:00:16]} b6 {[%clk 00:06:17] [%emt 00:00:44]}
25. axb6 {[%clk 00:19:43] [%emt 00:03:42]} cxb6 {[%clk 00:06:38] [%emt
00:00:08]} 26. Bd4 {[%clk 00:17:25] [%emt 00:02:47]} b5 {[%clk 00:05:10] [%emt
00:01:58]} 27. Rf3 {[%clk 00:16:07] [%emt 00:01:48]} Qe7 {[%clk 00:00:42] [%emt
00:04:58]} 28. Ra1 {[%clk 00:14:10] [%emt 00:02:27]} Rxf3 {[%clk 00:00:32] [%emt
00:00:40]} 29. Qxf3 {[%clk 00:14:34] [%emt 00:00:05]} Rf8 {[%clk 00:00:35] [%emt
00:00:28]} 30. Qg4 {[%clk 00:12:41] [%emt 00:02:23]} Nf4 {[%clk 00:00:36] [%emt
00:00:29]} 31. Rxa6 {[%clk 00:11:54] [%emt 00:01:18]} Nxh5 {[%clk 00:00:53]
[%emt 00:00:13]} 32. Qxh5 {[%clk 00:11:28] [%emt 00:00:55]} Qb4 {[%clk 00:01:14]
[%emt 00:00:08]} 33. Bc3 {[%clk 00:11:08] [%emt 00:00:50]} Qc5 {[%clk 00:01:36]
[%emt 00:00:09]} 34. Qe2 {[%clk 00:10:38] [%emt 00:01:00]} b4 {[%clk 00:02:03]
[%emt 00:00:03]} 35. Be1 {[%clk 00:11:02] [%emt 00:00:06]} Qxe5 {[%clk 00:00:33]
[%emt 00:02:00]} 36. Qxe5 {[%clk 00:04:49] [%emt 00:06:42]} Bxe5 {[%clk
00:01:01] [%emt 00:00:02]} 37. b3 {[%clk 00:02:41] [%emt 00:02:38]} Kf7 {[%clk
00:01:00] [%emt 00:00:31]} 38. Kf1 {[%clk 00:01:19] [%emt 00:01:52]} Rc8 {[%clk
00:01:15] [%emt 00:00:14]} 39. Bxb4 {[%clk 00:01:28] [%emt 00:00:22]} Rc1+
{[%clk 00:00:57] [%emt 00:00:47]} 40. Ke2 {[%clk 00:01:54] [%emt 00:00:05]} Rb1
{[%clk 00:01:08] [%emt 00:00:18]} 41. Ra3 {[%clk 00:02:02] [%emt 00:00:22]} Bd4
{[%clk 00:39:46] [%emt 00:11:52]} 42. Bd2 {[%clk 00:49:41] [%emt 00:02:50]} Rb2
{[%clk 00:37:42] [%emt 00:02:35]} 43. b4 {[%clk 00:49:28] [%emt 00:00:44]} e5
{[%clk 00:26:51] [%emt 00:11:20]} 44. Kd3 {[%clk 00:44:41] [%emt 00:05:17]} h5
{[%clk 00:10:53] [%emt 00:16:28]} 45. f3 {[%clk 00:33:24] [%emt 00:11:48]} h4
{[%clk 00:06:48] [%emt 00:04:34]} 46. Ra6 {[%clk 00:31:10] [%emt 00:02:44]} Rb3+
{[%clk 00:06:24] [%emt 00:00:55]} 47. Kc2 {[%clk 00:29:39] [%emt 00:02:01]} Rb2+
{[%clk 00:06:40] [%emt 00:00:14]} 48. Kc1 {[%clk 00:29:56] [%emt 00:00:11]} Rb3
{[%clk 00:05:47] [%emt 00:01:26]} 49. Ra2 {[%clk 00:16:47] [%emt 00:13:39]} g4
{[%clk 00:06:10] [%emt 00:00:07]} 50. fxg4 {[%clk 00:14:34] [%emt 00:02:44]} Ke6
{[%clk 00:05:52] [%emt 00:00:48]} 51. Be1 {[%clk 00:14:44] [%emt 00:00:19]} Kd5
{[%clk 00:05:11] [%emt 00:01:12]} 52. g5 {[%clk 00:09:21] [%emt 00:05:54]} e4
{[%clk 00:02:32] [%emt 00:03:08]} 53. g6 {[%clk 00:09:24] [%emt 00:00:28]} e3
{[%clk 00:02:43] [%emt 00:00:19]} 54. Ra7 {[%clk 00:08:30] [%emt 00:01:23]} 1-0

[Site "Europe Echecs"]